000
00396nam a22001697a 4500
003
MPLRDC
005
20220104124750.0
008
210129b ||||| |||| 00| 0 eng d
082
_a
857.9 JY-7 v.1
100
_a
金庸著
245
_a
飞狐外传. 上
_c
250
_a
九版
260
_a
_b
明河出版社
_c
1989
300
_b
平
650
_a
武侠小说
942
_c
BK
_o
857.9 JY-7 v.1
999
_c
21973
_d
21963